01298cam a2200265Ia 4500001002300000003000700023005001700030007000700047008004100054040002800095020001500123020001800138035002000156245007000176260003600246300004400282500003700326650006200363650007400425730003200499856009600531856010100627506015000728506015400878lifealbumpicture00newyCaSfIA20210118164039.0cr||||990611s1997 nyua 001 0 eng d aVIAcVIAdOCLCQdCaSfIA a1883013119 a9781883013110 a(OCoLC)4152349600aLife album :h[electronic resource] bpictures of the year, 1996. aNew York :bLife Books,cc1997. a158 p. :bill. (chiefly col.) ;c29 cm. aCompiled by the editors of Life. 0aHistory, Moderny1945-1989vPictorial worksvPeriodicals. 0aPopular culturexHistoryy20th centuryvPictorial worksvPeriodicals.0 aLife (Chicago, Ill. : 1978)41uhttp://www.archive.org/details/lifealbumpicture00newyzFree eBook from the Internet Archive42uhttp://www.openlibrary.org/books/OL24212425MzAdditional information and access via Open Library fНеобхідна авторизація на https://archive.org/ (створення облікового запису безкоштовно) fНеобхідна авторизація на https://openlibrary.org/ (створення облікового запису безкоштовно)